000
00219nam a2200097Ia 4500
008
240331s9999 xx 000 0 und d
082
_b
BHA
100
_a
Bhargava, P
245
0
_a
Political economy of Sri Lanka
942
_c
L
999
_c
2586
_d
2586